Europe's Environment <The> Dobříš Assessment

Saved in:
Bibliographic Details
Other Authors: Stanners, David, Bourdeau, Philippe
Format: Book
Language:English
Published: Copenhagen European Environment Agency 1995
Edition:1. ed.
Subjects:
Tags: Add Tag
No Tags, Be the first to tag this record!

MARC

LEADER 00000nam a2200000 4500
001 c012100
005 20230315135028.9
020 |a 92-826-5409-5 
041 0 |a eng 
044 |a DK 
245 1 0 |a Europe's Environment  |b <The> Dobříš Assessment  |c Edit. David Stanners, Philippe Bourdeau 
250 |a 1. ed. 
264 1 |a Copenhagen  |b European Environment Agency  |c 1995 
300 |a 676 s. 
610 2 0 |a prostredie životné 
610 2 0 |a politika environmentálna 
610 2 0 |a ochrana prostredia životného 
610 2 0 |a Európa 
700 1 |a Stanners, David 
700 1 |a Bourdeau, Philippe